000 00808cam a2200253 4500
001 WB3610-38
008 000000n2000 000 0 eng u
035 _a(Sirsi) u104729
245 _aCentres of commerce
260 _c2000
490 _aHerald
_v 9 March 2000, 5(1)
520 _aShopping online is creating a demand for distribution warehouses. Tougher rules on out-of-town developments are forcing retailers to look again at distribution and storage networks.
590 _aWB
650 _aE-COMMERCE
650 _aRETAIL DEVELOPMENT
650 _aWAREHOUSES
650 _aINTERNET
650 _aSHOPPING
650 _aPLANNING
650 _aOUT OF TOWN DEVELOPMENT
650 _aDISTRIBUTION
690 _aENVIRONMENTAL AND LAND CONSULTANCY-PLANNING AND DEVELOPMENT
942 _n0
999 _c62824
_d62824